Guess the Movie by a Picture #4 - Statistics

General Stats
  • This quiz has been taken 375 times
  • The average score is 6 of 12
Answer Stats
Picture Hint Answer % Correct
2019 Aladdin
97%
2008 Iron Man
88%
2007 Transformers
86%
2012 The Hunger Games
82%
2006 300
60%
2007 No Country for Old Men
44%
1998 The Big Lebowski
35%
2009 Sherlock Holmes
34%
2020 Bad Boys for Life
26%
2017 Mother!
24%
1997 Bean
15%
2011 Johnny English Reborn
12%
No matching quizzes found
Score Distribution
Percent of People with Each Score
Percentile by Number Answered
Your Score History
You have not taken this quiz